[Event "Challenge"]
[Site "http://www.queenalice.com/game.php?id=90247"]
[Date "2006.7.28"]
[Round "-"]
[White "AAmorim"]
[Black "Airesoliveira"]
[Result "1-0"]
[WhiteElo "1528"]
[BlackElo "1372"]

1. e4 e5 2. Nf3 Nf6 3. Bc4 Bc5 4. Nc3 d6 5. Ng5 Be6 6. Bxe6 fxe6 7. d3 Nfd7 8.
Qh5+ g6 9. Qg4 Qf6 10. Qxe6+ Qxe6 11. Nxe6 Na6 12. Nb5 Bb6 13. Be3 Ke7 14. Bxb6
cxb6 15. Ng5 h6 16. Nf3 Rhc8 17. O-O-O Rc5 18. c4 Nb4 19. Nc3 Nf6 20. h4 Ng4 21.
Rhf1 a6 22. a3 Nc6 23. Nd5+ Kd7 24. Nxb6+ Kd8 25. Nxa8 b5 26. b3 Nb8 27. d4 Rc8
28. Nb6 Rc7 29. dxe5 Rc6 30. Rxd6+ Rxd6 31. exd6 Nd7 32. Nxd7 Kxd7 33. c5 Kc6
34. Ne5+ Nxe5 35. b4 Kd7 36. f4 Nc4 37. f5 Ne3 38. Rf3 Nc4 39. fxg6 1-0

[Event "Challenge"]
[Site "http://www.queenalice.com/game.php?id=92432"]
[Date "2006.8.3"]
[Round "-"]
[White "Airesoliveira"]
[Black "Newcobos"]
[Result "0-1"]
[WhiteElo "1354"]
[BlackElo "1694"]

1. g3 e5 2. e4 Nf6 3. Bg2 Bc5 4. Nc3 d6 5. Nge2 O-O 6. O-O Nc6 7. d3 h6 8. h3
Be6 9. b3 Qd7 10. h4 Bg4 11. Kh1 Bb4 12. f3 Bh3 13. Rf2 Nh7 14. g4 Bxg2+ 15.
Rxg2 Qd8 16. Qe1 Nd4 17. Qd2 Nxf3 18. Qd1 Qxh4+ 19. Rh2 Qxh2# 0-1

[Event "Challenge"]
[Site "http://www.queenalice.com/game.php?id=95548"]
[Date "2006.8.13"]
[Round "-"]
[White "Airesoliveira"]
[Black "oniwa"]
[Result "0-1"]
[WhiteElo "1350"]
[BlackElo "1749"]

1. e4 e5 2. Nf3 Nc6 3. Bc4 Bc5 4. O-O Nf6 5. d3 O-O 6. Bg5 Nd4 7. Nxe5 Ne6 8.
Bh4 g5 9. Bg3 d6 10. Nf3 h6 11. c3 Bb6 12. b4 c5 13. e5 dxe5 14. Nxe5 cxb4 15.
cxb4 Bd4 16. Nd2 Bxa1 17. Qxa1 Nd4 18. Qd1 Be6 19. Qc1 Ne2+ 20. Kh1 Nxc1 21.
Rxc1 Rc8 22. f3 b5 23. Rf1 bxc4 24. Ndxc4 Bxc4 25. dxc4 Nh5 26. Bf2 f6 27. Ng6
Rf7 28. g4 Qd3 29. Re1 Qxf3+ 30. Kg1 Qxg4+ 31. Kf1 Qxc4+ 32. Re2 Re8 33. a3
Qxe2+ 34. Kg2 Nf4+ 35. Kg3 Qd3+ 0-1

[Event "Challenge"]
[Site "http://www.queenalice.com/game.php?id=97138"]
[Date "2006.8.18"]
[Round "-"]
[White "marcolll9"]
[Black "Airesoliveira"]
[Result "1-0"]
[WhiteElo "1770"]
[BlackElo "1372"]

1. Nf3 d5 2. d4 Nc6 3. e3 e6 4. c4 Nge7 5. Nc3 dxc4 6. Bxc4 Nd5 7. Bxd5 exd5 8.
O-O Bf5 9. Qb3 Nb4 10. a3 Nc2 11. Ra2 Qd7 12. Qxd5 Qxd5 13. Nxd5 Kd7 14. Ne5+
Kd6 15. Nf4 f6 16. Nf7+ Ke7 17. Nxh8 Ke8 18. Nd5 c6 19. Nc7+ Kd7 20. Nxa8 Be6
21. b3 Bxb3 22. Rb2 Na1 23. a4 Kc8 24. Nf7 Kb8 25. Nb6 axb6 26. Bd2 Bxf7 27.
Rxa1 b5 28. axb5 cxb5 29. Bb4 1-0

[Event "Challenge"]
[Site "http://www.queenalice.com/game.php?id=97139"]
[Date "2006.8.18"]
[Round "-"]
[White "Airesoliveira"]
[Black "marcolll9"]
[Result "0-1"]
[WhiteElo "1341"]
[BlackElo "1727"]

1. Nf3 e6 2. e4 d5 3. Bb5+ c6 4. Ba4 dxe4 5. Ng5 Qxg5 6. g3 Bc5 7. f4 Qf6 8. Qe2
Qd4 9. Rf1 Nf6 10. c3 Qxa4 11. b3 Qa6 12. c4 O-O 13. Na3 Bxa3 14. Bxa3 Qxa3 15.
d3 exd3 16. Qd1 Qb2 17. Rf2 Qc3+ 18. Kf1 Ne4 19. Rc1 Nxf2 20. Kxf2 Qd4+ 21. Kf3
e5 22. Qd2 exf4 23. gxf4 g5 24. fxg5 Qg4+ 25. Ke3 Qxg5+ 26. Kxd3 Rd8+ 0-1

[Event "Challenge"]
[Site "http://www.queenalice.com/game.php?id=97546"]
[Date "2006.8.19"]
[Round "-"]
[White "marcolll9"]
[Black "Airesoliveira"]
[Result "1-0"]
[WhiteElo "1726"]
[BlackElo "1344"]

1. d4 d5 2. Nf3 Nf6 3. Bf4 Nh5 4. Bg3 Nxg3 5. fxg3 Nc6 6. e3 e6 7. c4 Bb4+ 8.
Nbd2 dxc4 9. Bxc4 O-O 10. a3 Bd6 11. O-O a6 12. Ne4 Be7 13. Rc1 b5 14. Bxb5 axb5
15. Rxc6 Bb7 16. Qc2 Rc8 17. Rc3 f5 18. Nc5 Bd5 19. Ne5 Bc6 20. Nxe6 Qd7 21.
Nxd7 Bxd7 22. Nxf8 Kxf8 23. Rxc7 Rxc7 24. Qxc7 Be8 25. Rxf5+ Bf6 26. e4 Kg8 27.
e5 1-0

[Event "Challenge"]
[Site "http://www.queenalice.com/game.php?id=98678"]
[Date "2006.8.23"]
[Round "-"]
[White "Artem"]
[Black "Airesoliveira"]
[Result "0-1"]
[WhiteElo "1683"]
[BlackElo "1350"]

1. e4 Nf6 2. d3 e5 3. Nf3 Bb4+ 4. Bd2 Bd6 5. Nc3 O-O 6. Bg5 h6 7. Be3 b6 8. g3
Bb7 9. Qd2 Ng4 10. Bh3 Nxe3 11. Qxe3 Qf6 12. Bxd7 Nxd7 13. O-O-O Bc5 14. Qe2 Qe6
15. Rdg1 c6 16. h4 Ba6 17. g4 b5 18. h5 b4 19. Na4 Qxa2 20. Nxc5 Nxc5 21. Nxe5
Rac8 22. Kd2 Qxb2 23. Nc4 Qc3+ 24. Ke3 Bxc4 25. g5 Rcd8 26. gxh6 Kh7 27. hxg7
Bxd3 28. cxd3 Rxd3+ 29. Kf4 Ne6+ 30. Kf5 Nxg7+ 31. Kg4 f5+ 32. Kf4 Ne6# 0-1

[Event "Challenge"]
[Site "http://www.queenalice.com/game.php?id=110292"]
[Date "2006.9.26"]
[Round "-"]
[White "Newcobos"]
[Black "Airesoliveira"]
[Result "1-0"]
[WhiteElo "1910"]
[BlackElo "1422"]

1. e4 e5 2. Nf3 Nf6 3. Nxe5 Nxe4 4. Qe2 f5 5. Qh5+ g6 6. Nxg6 Nf6 7. Qxf5 Bg7 8.
Nxh8 Bxh8 9. Be2 Qe7 10. Nc3 Nc6 11. O-O Nd4 12. Bh5+ Kd8 13. Nd5 Nxf5 14. Nxe7
Kxe7 15. Re1+ Kd6 16. Bf3 Nd4 17. Bd1 Kc5 18. c3 Nc6 19. d4+ Kb6 20. Be3 d5 21.
c4 Nb4 22. c5+ Kc6 23. a4 Nd3 24. Be2 Bf5 25. Red1 Kd7 26. Bxd3 Bxd3 27. Rxd3 c6
28. Re1 Re8 29. Bd2 Ne4 30. f3 Nxd2 31. Rxe8 Kxe8 32. Rxd2 Kd7 33. Kf2 b6 34.
cxb6 axb6 35. g4 Kc7 36. h4 Kd6 37. f4 c5 38. dxc5+ Kxc5 39. b3 d4 40. g5 Kb4
41. Rd3 b5 42. axb5 Kxb5 43. f5 Kc6 44. f6 h6 45. Rxd4 1-0

[Event "Challenge"]
[Site "http://www.queenalice.com/game.php?id=139215"]
[Date "2006.12.9"]
[Round "-"]
[White "Airesoliveira"]
[Black "Oblivion"]
[Result "0-1"]
[WhiteElo "1437"]
[BlackElo "1685"]

1. e4 Nc6 2. Nc3 e5 3. Nh3 Bc5 4. Nd5 Nf6 5. d3 Nxd5 6. exd5 Nd4 7. c3 Nf5 8. g4
Nh4 9. Bg5 Be7 10. Ke2 Bxg5 11. Nxg5 Qxg5 12. Rg1 Nf5 13. Rg3 Nxg3+ 14. hxg3
Qxg4+ 15. Kd2 Qf5 16. Qe1 d6 17. Qe2 O-O 18. g4 Qg5+ 19. Kc2 Bxg4 20. f3 Bh5 21.
Re1 Rae8 22. Qe4 f5 23. Qc4 Re7 24. Bh3 Qg3 25. Bf1 Qxe1 0-1

[Event "AUTO-INT-341"]
[Site "http://www.queenalice.com/game.php?id=166007"]
[Date "2007.2.9"]
[Round "1"]
[White "RJGF"]
[Black "Airesoliveira"]
[Result "1-0"]
[WhiteElo "1740"]
[BlackElo "1376"]

1. d4 Nc6 2. Nf3 Nf6 3. e3 d5 4. Bb5 a6 5. Bxc6+ bxc6 6. O-O Rb8 7. Nc3 Qd6 8.
Re1 Bg4 9. h3 Bh5 10. e4 e6 11. e5 Qd7 12. exf6 gxf6 13. Rb1 f5 14. Bf4 f6 15.
Qe2 Qc8 16. Na4 Bf7 17. c4 Kd8 18. cxd5 cxd5 19. Rec1 Be8 20. Bxc7+ Ke7 21. Bd6+
Kxd6 22. Rxc8 Rxc8 23. Qxa6+ Kd7 24. Nb6+ Ke7 25. Nxc8+ Kf7 26. Nd6+ Ke7 27.
Nxe8 Kxe8 28. Qxe6+ Be7 29. Re1 Kf8 30. Qxe7+ 1-0

[Event "AUTO-INT-341"]
[Site "http://www.queenalice.com/game.php?id=166008"]
[Date "2007.2.9"]
[Round "1"]
[White "Airesoliveira"]
[Black "RJGF"]
[Result "0-1"]
[WhiteElo "1428"]
[BlackElo "1713"]

1. e4 e5 2. Nf3 Nc6 3. Qe2 d6 4. d3 Bg4 5. Bg5 f6 6. Bh4 Nd4 7. Nxd4 Bxe2 8.
Bxe2 exd4 9. O-O Be7 10. c3 c5 11. b3 f5 12. Bg3 fxe4 13. dxe4 Nf6 14. Nd2 dxc3
15. Rac1 cxd2 16. Rc4 Qa5 17. a4 a6 0-1

[Event "AUTO-INT-341"]
[Site "http://www.queenalice.com/game.php?id=166023"]
[Date "2007.2.9"]
[Round "1"]
[White "Airesoliveira"]
[Black "Germano"]
[Result "0-1"]
[WhiteElo "1428"]
[BlackElo "2120"]

1. e4 e5 2. Nf3 Nc6 3. c3 Nf6 4. Bd3 d5 5. Bb5 dxe4 6. Nh4 g5 7. Nf5 Bxf5 8. O-O
Qd5 9. Qa4 O-O-O 10. c4 Qe6 11. f3 Bc5+ 12. Kh1 Nd4 13. Qxa7 Bxa7 14. Ba4 exf3
15. gxf3 Bh3 16. Rf2 e4 17. Nc3 exf3 18. Bd1 Qe1+ 0-1

[Event "AUTO-INT-341"]
[Site "http://www.queenalice.com/game.php?id=166024"]
[Date "2007.2.9"]
[Round "1"]
[White "Germano"]
[Black "Airesoliveira"]
[Result "1-0"]
[WhiteElo "2119"]
[BlackElo "1428"]

1. e4 e5 2. Nf3 Qe7 3. Bc4 Nf6 4. Nc3 Qb4 5. Nxe5 Bd6 6. a3 Qa5 7. Nxf7 Rf8 8.
Nxd6+ cxd6 9. b4 Qg5 10. O-O a6 11. d4 Qg6 12. Nd5 Nxd5 13. exd5 b5 14. Bd3 Qf7
15. Bg5 Rh8 16. Re1+ Kf8 17. Qg4 h6 18. Be7+ Kg8 19. Bg6 1-0

[Event "AUTO-INT-341"]
[Site "http://www.queenalice.com/game.php?id=166025"]
[Date "2007.2.9"]
[Round "1"]
[White "Airesoliveira"]
[Black "ray"]
[Result "0-1"]
[WhiteElo "1373"]
[BlackElo "1802"]

1. e4 c5 2. Qe2 Nc6 3. Qe3 g6 4. Nc3 Bg7 5. Nge2 e6 6. Qxc5 Nge7 7. d4 d6 8. Qc4
Na5 9. Qa4+ Nac6 10. Bd2 Bd7 11. O-O-O O-O 12. Nb5 Nxd4 13. Nexd4 a6 14. Ba5
axb5 15. Bxd8 bxa4 0-1

[Event "AUTO-INT-341"]
[Site "http://www.queenalice.com/game.php?id=166026"]
[Date "2007.2.9"]
[Round "1"]
[White "ray"]
[Black "Airesoliveira"]
[Result "1-0"]
[WhiteElo "1800"]
[BlackElo "1375"]

1. c4 Na6 2. Nc3 Nc5 3. g3 Nf6 4. Bg2 c6 5. e3 Nd3+ 6. Ke2 Nxc1+ 7. Rxc1 e6 8.
Nf3 d5 9. cxd5 cxd5 10. Nb5 Bd6 11. Qa4 a6 12. Nxd6+ Ke7 13. Qb4 b5 14. Nb7+ Kd7
15. Qd6+ 1-0

[Event "Challenge"]
[Site "http://www.queenalice.com/game.php?id=180608"]
[Date "2007.3.12"]
[Round "-"]
[White "holandes"]
[Black "Airesoliveira"]
[Result "1-0"]
[WhiteElo "1497"]
[BlackElo "1422"]

1. e4 e5 2. c3 Nf6 3. d3 Bc5 4. h3 O-O 5. Nf3 d6 6. b4 Bb6 7. Be2 Bd7 8. O-O Qe8
9. Be3 c5 10. a3 Ba4 11. Qd2 Nc6 12. Bg5 Nh5 13. c4 Nf4 14. Bxf4 exf4 15. Qxf4
Rd8 16. b5 Na5 17. Nbd2 h6 18. g4 f6 19. Qg3 Rd7 20. Nh4 g6 21. Rae1 g5 22. Nf5
Kh7 23. Nxd6 Qe6 24. Nf5 Bc7 25. Qe3 Bf4 26. Qxc5 Ra8 27. Ne3 Bd6 28. Qf5+ Qxf5
29. Nxf5 Bxa3 30. Nf3 Rc8 31. Ra1 Nxc4 32. dxc4 Rxc4 33. Bxc4 Rd4 34. N3xd4 1-0

[Event "Challenge"]
[Site "http://www.queenalice.com/game.php?id=185088"]
[Date "2007.3.20"]
[Round "-"]
[White "Airesoliveira"]
[Black "Gremlins"]
[Result "1-0"]
[WhiteElo "1375"]
[BlackElo "975"]

1. e4 e6 2. Nc3 a5 3. Bb5 c6 4. Ba4 Nh6 5. d3 b5 6. Bxb5 cxb5 7. Nxb5 Ba6 8. c4
g5 9. Nf3 Bg7 10. Nd6+ Ke7 11. e5 Nc6 12. Bxg5+ Kf8 13. Bxd8 Rxd8 14. Qe2 f6 15.
d4 Rb8 16. b3 fxe5 17. dxe5 Rb6 18. O-O a4 19. Ng5 Bxe5 20. Qf3+ Ke7 21. Rad1
Nf5 22. Nxf5+ exf5 23. Qxf5 1-0